|
|
|
|
| LEADER |
01567nam a2200349 a 4500 |
| 001 |
7037 |
| 003 |
BD-DhAAL |
| 005 |
20150614110132.0 |
| 008 |
150614s1990 nyu b 001 0 eng |
| 010 |
|
|
|a 89026672
|
| 020 |
|
|
|a 0275935663 (alk. paper)
|
| 040 |
|
|
|a DLC
|c DLC
|d DLC
|d BD-DhAAL
|
| 050 |
1 |
0 |
|a PS338.N4
|b B76 1990
|
| 082 |
0 |
0 |
|a 812/.52099287
|2 20
|
| 100 |
2 |
|
|a Brown-Guillory, Elizabeth.
|9 11991
|
| 245 |
0 |
0 |
|a Their place on the stage :
|b Black women playwrights in America /
|c Elizabeth Brown-Guillory ; foreword by Margaret Walker Alexander ; afterword by Gloria T. Hull.
|
| 250 |
|
|
|a Paperback ed.
|
| 260 |
|
|
|a New York :
|b Praeger,
|c 1990.
|
| 300 |
|
|
|a xiv, 163 p. ;
|c 24 cm.
|
| 504 |
|
|
|a Includes bibliographical references ([153]-158) and index.
|
| 541 |
|
|
|e 7037
|
| 650 |
|
0 |
|a American drama
|x African American authors
|x History and criticism.
|9 11992
|
| 650 |
|
0 |
|a Women and literature
|z United States
|x History
|y 20th century.
|9 11993
|
| 650 |
|
0 |
|a American drama
|x Women authors
|x History and criticism.
|9 11994
|
| 650 |
|
0 |
|a American drama
|y 20th century
|x History and criticism.
|9 11995
|
| 650 |
|
0 |
|a African American women
|x Intellectual life.
|9 11996
|
| 650 |
|
0 |
|a African American women in literature.
|9 11997
|
| 650 |
|
0 |
|a African Americans in literature.
|9 11998
|
| 650 |
|
0 |
|a African American theater.
|9 11999
|
| 942 |
|
|
|2 ddc
|c BK
|
| 999 |
|
|
|c 34708
|d 34708
|
| 952 |
|
|
|0 0
|1 0
|2 ddc
|4 0
|6 812_520992870000000_BRO
|7 0
|9 54279
|a SCL
|b SCL
|c GEN
|d 2015-06-14
|e Gift: The Asia Foundation
|l 4
|m 10
|o 812.52099287 BRO
|p 3020007037
|r 2026-05-08
|s 2026-03-05
|t 1
|w 2015-06-14
|y BK
|